UM Logo

Interventional therapy: helped clear nasopharyngeal cancer in less than 6 months. (Record no. 9867)

MARC details
000 -LEADER
fixed length control field 00353nam a2200109 4500
008 - FIXED-LENGTH DATA ELEMENTS--GENERAL INFORMATION
fixed length control field 180720b ||||| |||| 00| 0 eng d
245 ## - TITLE STATEMENT
Title Interventional therapy: helped clear nasopharyngeal cancer in less than 6 months.
260 ## - PUBLICATION, DISTRIBUTION, ETC. (IMPRINT)
Place of publication, distribution, etc. Philippines
Name of publisher, distributor, etc. Philippine Daily Inquirer
Date of publication, distribution, etc. c2016
300 ## - PHYSICAL DESCRIPTION
Extent page A5.
600 #0 - SUBJECT ADDED ENTRY--PERSONAL NAME
9 (RLIN) 29181
Personal name Therapeutics.
942 ## - ADDED ENTRY ELEMENTS (KOHA)
Source of classification or shelving scheme Dewey Decimal Classification
Koha item type Periodicals
Holdings
Withdrawn status Lost status Source of classification or shelving scheme Damaged status Not for loan Collection code Home library Current library Date acquired Total Checkouts Date last seen Price effective from Koha item type Public note
    Dewey Decimal Classification     Periodicals UM Digos College - LIC UM Digos College - LIC 07/20/2018   07/20/2018 07/20/2018 Periodicals Newspaper Clippings